Campos de fresas (Registro nro. 1671)
[ vista simple ]
| 000 -CABECERA | |
|---|---|
| Longitud fija campo de control | 00774nam a2200265Ia 4500 |
| 005 - • FECHA Y HORA DE LA ÚLTIMA TRANSACCIÓN | |
| Fecha y hora de la última transacción | 20220316235638.0 |
| 008 - • CÓDIGOS DE INFORMACIÓN DE LONGITUD FIJA | |
| Códigos de información de longitud fija | 121119s2002 sp gr 000 f spa |
| 020 ## - • NÚMERO INTERNACIONAL NORMALIZADO PARA LIBROS | |
| Número Internacional Normalizado para Libros (ISBN) | 8434852861 |
| 041 0# - • CÓDIGO DE LENGUA | |
| Código de lengua del texto/banda sonora o título independiente | spa |
| 040 ## - FUENTE DE LA CATALOGACIÓN | |
| Centro catalogador de origen | CO-BoRNBP |
| Lengua de catalogación | spa |
| Normas de descripción | rda |
| Centro transcriptor | CO-BoRNBP |
| 084 ## - • Clasificación Local Alfanúmerica PNLB | |
| Número de clasificación | N SIE1 |
| 100 1# - • PUNTO DE ACCESO PRINCIPAL-NOMBRE DE PERSONA | |
| Nombre de persona | Sierra i Fabra, Jordi |
| Fechas asociadas al nombre | 1947- |
| 245 10 - • TITULO PROPIAMENTE DICHO | |
| Título | Campos de fresas |
| Mención de responsabilidad, etc. | Jordi Sierra i Fabra |
| 250 ## - • MENCIÓN DE EDICIÓN | |
| Mención de edición | Primera edición |
| 264 ## - PRODUCCIÓN, PUBLICACIÓN , DISTRIBUCIÓN, FABRICACIÓN Y COPYRIGHT | |
| Lugar de producción, publicación, distribución, fabricación | Madrid |
| Nombre del productor, editor, distribuidor, fabricante | S.M. |
| Fecha de de producción, publicación, distribución, fabricación o copyright | 2002 |
| 300 ## - • DESCRIPCIÓN FÍSICA | |
| Extensión | 143 páginas |
| 336 ## - TIPO DE CONTENIDO | |
| Término de tipo de contenido | texto |
| Código de tipo de contenido | txt |
| Fuente | rdacontent |
| 337 ## - TIPO DE MEDIO | |
| Nombre del tipo de medio | sin mediación |
| Código del tipo de medio | n |
| Fuente | rdamedia |
| 338 ## - TIPO DE SOPORTE | |
| Nombre del tipo de soporte | volumen |
| Código del tipo de soporte | nc |
| Fuente | rdacarrier |
| 490 0# - • MENCIÓN DE SERIE | |
| Mención de serie | Gran angular : alerta roja |
| 650 14 - • PUNTO DE ACCESO ADICIONAL DE MATERIA - TÉRMINO DE MATERIA | |
| Término de materia o nombre geográfico como elemento inicial | Literatura española |
| Fuente del encabezamiento o término | LEMB |
| 650 14 - • PUNTO DE ACCESO ADICIONAL DE MATERIA - TÉRMINO DE MATERIA | |
| Término de materia o nombre geográfico como elemento inicial | Drogas |
| Subdivisión de forma | Novela |
| Fuente del encabezamiento o término | LEMB |
| 650 14 - • PUNTO DE ACCESO ADICIONAL DE MATERIA - TÉRMINO DE MATERIA | |
| Término de materia o nombre geográfico como elemento inicial | Novela juvenil española |
| Fuente del encabezamiento o término | LEMB |
| 942 ## - ENTRADA DE ELEMENTOS AGREGADOS (KOHA) | |
| Fuente de clasificaión o esquema | |
| Koha [por defecto] tipo de item | Libro Literatura |
| Perdido | Fuente de clasificación o esquema | Estado Físico | No para préstamo | Localización permanente | Localización actual | Fecha adquisición | Préstamos totales | Signatura completa | Código de barras | Fecha última consulta | Número de copia | Fecha del precio de reemplazo | Tipo de item de Koha | Forma de adquisición | Localización en estanterías |
|---|---|---|---|---|---|---|---|---|---|---|---|---|---|---|---|
| Dewey Decimal Classification | Biblioteca Pública Cubarral | Biblioteca Pública Cubarral | 08/01/2023 | N SIER1 | CUB01521 | 08/01/2023 | Ej.1 | 08/01/2023 | Libro Literatura | Colección General | Literatura | ||||
| Dewey Decimal Classification | Biblioteca Pública Fuentedeoro - Henry Llanos García | Biblioteca Pública Fuentedeoro - Henry Llanos García | 08/08/2023 | N SIE1 | Fo01892 | 08/08/2023 | Ej.1 | 08/08/2023 | Libro Literatura | Colección General | Literatura | ||||
| Dewey Decimal Classification | Biblioteca Pública Puerto Lleras | Biblioteca Pública Puerto Lleras | 01/14/2025 | N SIE1 | PLL00762 | 01/14/2025 | Ej.1 | 01/14/2025 | Libro Literatura | Colección General | Literatura | ||||
| Dewey Decimal Classification | Biblioteca Pública San Carlos de Guaroa - Eduardo Carranza | Biblioteca Pública San Carlos de Guaroa - Eduardo Carranza | 02/19/2024 | N SIE1 | SG01521 | 02/19/2024 | Ej.1 | 02/19/2024 | Libro Literatura | Colección General | Literatura | ||||
| Dewey Decimal Classification | Biblioteca Pública Guamal | Biblioteca Pública Guamal | 01/27/2023 | NSIE1 | GUA000184 | 01/27/2023 | Ej.1 | 01/27/2023 | Libro Literatura | Colección General | Literatura | ||||
| Dewey Decimal Classification | Biblioteca Pública La Macarena | Biblioteca Pública La Macarena | 08/27/2025 | N SIE1 | LM03404 | 08/27/2025 | Ej.1 | 08/27/2025 | Libro Literatura | Colección General | Literatura | ||||
| Dewey Decimal Classification | Biblioteca Pública Mapiripan | Biblioteca Pública Mapiripan | 01/18/2024 | N SIE1 | MAP00002297 | 01/18/2024 | Ej.1 | 01/18/2024 | Libro Literatura | Sala General | Literatura | ||||
| Dewey Decimal Classification | Biblioteca Pública Puerto Rico | Biblioteca Pública Puerto Rico | 12/15/2022 | NSIE1EJ.1 | PR000000L235 | 12/15/2022 | Ej.1 | 12/15/2022 | Libro Literatura | ||||||
| Dewey Decimal Classification | Biblioteca Pública Uribe - Reinerio Arenas | Biblioteca Pública Uribe - Reinerio Arenas | 12/11/2024 | N SIE1 | URI01831 | 12/11/2024 | Ej.1 | 12/11/2024 | Libro Literatura | Colección General | Literatura |